Asamiya vyakaran pravesh (Record no. 7594)

MARC details
000 -LEADER
fixed length control field 00483cam a2200193ua 4500
008 - FIXED-LENGTH DATA ELEMENTS--GENERAL INFORMATION
fixed length control field 150202n ii |||gr||||Z||||||asm
040 ## - CATALOGING SOURCE
Transcribing agency MAIN
041 ## - LANGUAGE CODE
-- asm
082 ## - DEWEY DECIMAL CLASSIFICATION NUMBER
Classification number 491.4515
100 ## - MAIN ENTRY--PERSONAL NAME
Personal name Goswami, GC,
Relator term
245 13 - TITLE STATEMENT
Title Asamiya vyakaran pravesh
Statement of responsibility, etc. by GC Goswami
250 ## - EDITION STATEMENT
Edition statement 5th rev.
260 ## - PUBLICATION, DISTRIBUTION, ETC.
Place of publication, distribution, etc. Guwahati:
Name of publisher, distributor, etc. Bina linbrary,
Date of publication, distribution, etc. 2012.
300 ## - PHYSICAL DESCRIPTION
Extent 344p.
942 ## - ADDED ENTRY ELEMENTS (KOHA)
Koha item type Books
653 ## - INDEX TERM--UNCONTROLLED
Uncontrolled term East Indo-European & Celtic languages
653 ## - INDEX TERM--UNCONTROLLED
Uncontrolled term Assamese grammar
Holdings
Withdrawn status Lost status Damaged status Not for loan Home library Current library Shelving location Date acquired Total Checkouts Full call number Barcode Date last seen Date last checked out Copy number Price effective from Koha item type
        Naharkatiya College Library Naharkatiya College Library General Stacks 19/09/2020 8 491.4515 | GOS 22432 23/02/2026 19/02/2026 1 19/09/2020 Books
        Naharkatiya College Library Naharkatiya College Library General Stacks 19/09/2020 6 491.4515 | GOS 22433 21/12/2022 09/12/2022 3 19/09/2020 Books
        Naharkatiya College Library Naharkatiya College Library General Stacks 19/09/2020 6 491.4515 | GOS 22434 15/12/2022 17/11/2022 2 19/09/2020 Books

Naharkatiya College © 2020. All rights reserved.

Powered By